000 00527cam a2200169u 4500
082 _a540
_bPRE
_cL-7, P-36.
100 1 _aPrescott, Frederick,
_940090
245 1 0 _aIntermediate chemistry, inorganic and physical.
250 _a[7th ed.]
260 _aLondon,
_bUniversity Tutorial Press
_c[1957]
300 _a828 p.
_billus.
_c22 cm.
526 _a0
_b0
_c0
_d540_000000000000000_PRE
650 0 _aChemistry, Inorganic.
_91095
650 0 _aChemistry, Physical and theoretical.
_91241
650 0 _aMCE
_9379
942 _2ddc
_cBK
999 _c544456
_d544456